000 00940cab a2200301 4500
001 ABS49704
008 090401t1993 xxu||||| |||| 00| 0 eng d
035 _a(Sirsi) u72432
041 _aeng
245 _a1995 rating proposals
260 _c1993
350 _a0
490 _aCS Monthly : General Practice
_v3(3) November 1993, 6-7(2)
520 _aLists topics under discussion by the RICS Local Taxation Group, the DoE and the VO. Topics include definition of rateable value, suggested exemptions, transitional arrangements and harmonisation with Scotland.
650 _aDEFINITION
650 _aEXEMPTIONS
650 _aFORMULAE
650 _aINTEREST
650 _aRATEABLE VALUE
650 _aRATING ISSUES
650 _aREFUND
650 _aRATING REVALUATION 1995
650 _aRICS LOCAL TAXATION GROUP
650 _aWOOD COMMITTEE
690 _aRATING AND VALUATION
942 _n0
948 _c04/03/1997
999 _c45764
_d45764